Riconosci il Calciatore - Quiz n°3 - Statistics

Statistiche generali
  • Questo quiz è stato fatto 175 volte
    173 dall'ultimo reset
  • Il punteggio medio è 11 su 15
Statistiche sulle risposte
Indizio Risposta % Corretto
Ruolo Difensore
98%
Nazionalità Italia
98%
Squadra di club 2 Milan 1987-2007
86%
Squadra di club 1 Monza 1986-1987
86%
Data di nascita 24/04/1966
81%
Trofei per club Coppa Italia Primavera: 1
Milan: 1984-1985
Competizioni nazionali
Campionato italiano: 7
Milan: 1987-1988, 1991-1992, 1992-1993, 1993-1994, 1995-1996, 1998-1999, 2003-2004
Supercoppa italiana: 5
Milan: 1988, 1992, 1993, 1994, 2004[106]
Coppa Italia: 1
Milan: 2002-2003
Coppa dei Campioni/UEFA Champions League: 5
Milan: 1988-1989, 1989-1990, 1993-1994, 2002-2003, 2006-2007
Supercoppa UEFA: 4
Milan: 1989, 1990, 1994, 2003[106]
Coppa Intercontinentale: 2
Milan: 1989, 1990
74%
Trofei individuali Premio Nazionale Carriera Esemplare "Gaetano Scirea" 2000 Premio Gentleman: 1 2001 Premio nazionale Andrea Fortunato: 1 Premio alla carriera: 2013
71%
Gol nei club 3
68%
Trofei per nazionali Campionato mondiale militare: 1 Caserta 1989
68%
Presenze in nazionale 59
67%
Presenze nei club 694
67%
Peso 75 kg
66%
Altezza 182 cm
65%
Gol in nazionale 2
64%
Calciatore Alessandro Costacurta
59%
Nessun quiz corrispondente trovato
Distribuzione punteggi
Percentuale di utenti per punteggio
Percentile per numero di risposta
I tuoi punteggi nel tempo
Non hai fatto questo quiz dall'ultimo reset